[Event "Khanty-Mansiysk Governor Cup-B 9th"]
[Site "Khanty-Mansiysk"]
[Date "2013.12.06"]
[Round "9"]
[White "Gerasev, German"]
[Black "Perevozkin, Anatoly"]
[Result "1-0"]
[WhiteElo "2006"]
[BlackElo "1866"]
[PlyCount "77"]
[EventDate "2013.11.28"]
[EventType "swiss"]
[EventRounds "9"]
[EventCountry "RUS"]
[SourceTitle "CBM 157 Extra"]
[Source "ChessBase"]
[SourceDate "2013.12.19"]
[SourceVersion "1"]
[SourceVersionDate "2013.12.19"]
[SourceQuality "1"]

1. e4 c5 2. c4 Nc6 3. Nc3 e6 4. g3 a6 5. Bg2 Nge7 6. Nge2 Ng6 7. f4 Be7 8. 0-0 Qc7 9. Kh1 h5 10. h3 d6 11. a3 Bd7 12. Rb1 Nd4 13. d3 Nxe2 14. Nxe2 Rd8 15. b4 b5 16. cxb5 axb5 17. Bb2 Bf6 18. Bxf6 gxf6 19. Rc1 Qa7 20. Qb3 Ra8 21. bxc5 dxc5 22. Qc2 Rc8 23. Qb2 Ke7 24. Rc3 Rc7 25. Ng1 Qa6 26. d4 c4 27. f5 exf5 28. exf5 Nf8 29. Qb4+ Kd8 30. Re3 Kc8 31. Ne2 Nh7 32. Nc3 Re8 33. Rxe8+ Bxe8 34. Nd5 Ra7 35. Qc5+ Kd8 36. Nb4 Qxa3 37. Re1 Bd7 38. Qb6+ Kc8 39. Nc6 1-0

[Event "Khanty-Mansiysk Governor Cup-B 9th"]
[Site "Khanty-Mansiysk"]
[Date "2013.12.04"]
[Round "7"]
[White "Gerasev, German"]
[Black "Musakaev, Emil"]
[Result "0-1"]
[WhiteElo "2006"]
[BlackElo "2327"]
[PlyCount "60"]
[EventDate "2013.11.28"]
[EventType "swiss"]
[EventRounds "9"]
[EventCountry "RUS"]
[SourceTitle "CBM 157 Extra"]
[Source "ChessBase"]
[SourceDate "2013.12.19"]
[SourceVersion "1"]
[SourceVersionDate "2013.12.19"]
[SourceQuality "1"]

1. c4 e5 2. Nc3 Nf6 3. g3 Bb4 4. Bg2 0-0 5. Qb3 Nc6 6. Bxc6 Bxc3 7. Bg2 Ba5 8. Qb5 Bb6 9. e3 Re8 10. b4 c6 11. Qa4 d5 12. c5 Bc7 13. Bb2 Bf5 14. Qb3 a5 15. Nf3 axb4 16. 0-0 b6 17. Rfc1 bxc5 18. Rxc5 Bd7 19. Rcc1 Bd6 20. a3 e4 21. Ne1 Rb8 22. axb4 Rxb4 23. Qc2 Ng4 24. Bc3 Rb7 25. d3 exd3 26. Qxd3 Nf6 27. Rcb1 Rxb1 28. Rxb1 Ne4 29. Nf3 Bf5 30. Qd4 Nxc3 0-1

[Event "Khanty-Mansiysk Governor Cup-B 9th"]
[Site "Khanty-Mansiysk"]
[Date "2013.12.02"]
[Round "5"]
[White "Samartsev, Alexander"]
[Black "Gerasev, German"]
[Result "0-1"]
[WhiteElo "2160"]
[BlackElo "2006"]
[PlyCount "60"]
[EventDate "2013.11.28"]
[EventType "swiss"]
[EventRounds "9"]
[EventCountry "RUS"]
[SourceTitle "CBM 157 Extra"]
[Source "ChessBase"]
[SourceDate "2013.12.19"]
[SourceVersion "1"]
[SourceVersionDate "2013.12.19"]
[SourceQuality "1"]

1. d4 d5 2. Bf4 e6 3. Nf3 c5 4. c3 Nc6 5. e3 f5 6. Ne5 Nxe5 7. Bxe5 Bd7 8. dxc5 Nf6 9. Bd4 Rc8 10. b4 a5 11. a3 Qc7 12. f4 Be7 13. Be2 0-0 14. 0-0 Ra8 15. Nd2 Be8 16. Nb3 Ba4 17. Rb1 Ne4 18. Qd3 axb4 19. axb4 Bxb3 20. Rxb3 Ra2 21. Rd1 Rfa8 22. Bf3 Nf2 23. Be5 Qd8 24. Qd4 Nxd1 25. Bxg7 Nf2 26. Qe5 Nh3+ 27. gxh3 Ra1+ 28. Kg2 R8a2+ 29. Be2 Bh4 30. Kf3 Qe8 0-1

[Event "Khanty-Mansiysk Governor Cup-B 9th"]
[Site "Khanty-Mansiysk"]
[Date "2013.11.30"]
[Round "3"]
[White "Gordeev, Sergey"]
[Black "Gerasev, German"]
[Result "1-0"]
[WhiteElo "2087"]
[BlackElo "2006"]
[PlyCount "67"]
[EventDate "2013.11.28"]
[EventType "swiss"]
[EventRounds "9"]
[EventCountry "RUS"]
[SourceTitle "CBM 157 Extra"]
[Source "ChessBase"]
[SourceDate "2013.12.19"]
[SourceVersion "1"]
[SourceVersionDate "2013.12.19"]
[SourceQuality "1"]

1. e4 e6 2. d4 d5 3. e5 c5 4. c3 Nc6 5. Nf3 Nh6 6. Bd3 cxd4 7. 0-0 dxc3 8. Nxc3 a6 9. Ne2 Qb6 10. a3 Ng4 11. Qa4 h5 12. h3 Nh6 13. Nf4 Bd7 14. Qd1 Ng8 15. b4 Qd8 16. Re1 Be7 17. h4 Bxh4 18. Bg6 Nh6 19. Bxh5 Nf5 20. g4 g5 21. Ng2 Ng7 22. Ngxh4 Nxh5 23. Bxg5 f6 24. exf6 Nxf6 25. Nd4 Kf7 26. Nhf3 Qb6 27. Nxc6 Bxc6 28. Ne5+ Kg7 29. Bxf6+ Kxf6 30. Qf3+ Ke7 31. Ng6+ Kd6 32. Qf4+ Kd7 33. Qf7+ Kc8 34. Nxh8 1-0

[Event "Urals-ch"]
[Site "Satka"]
[Date "2012.04.01"]
[Round "9"]
[White "Kaliev, Konstantin Arkadiev"]
[Black "Gerasev, German"]
[Result "1-0"]
[WhiteElo "1962"]
[BlackElo "1825"]
[PlyCount "93"]
[EventDate "2012.03.24"]
[EventType "swiss"]
[EventRounds "9"]
[EventCountry "RUS"]
[SourceTitle "CBM 147 Extra"]
[Source "ChessBase"]
[SourceDate "2012.04.24"]
[SourceVersion "1"]
[SourceVersionDate "2012.04.24"]
[SourceQuality "1"]

1. Nf3 e6 2. c4 g6 3. e4 Bg7 4. d4 c6 5. e5 Ne7 6. Nc3 d5 7. cxd5 Nxd5 8. Ne4 0-0 9. Be2 h6 10. h4 Nd7 11. Bd2 c5 12. Qc1 h5 13. Nxc5 Nxc5 14. Qxc5 Bd7 15. 0-0 Rc8 16. Qxa7 Bc6 17. Rfc1 Ne7 18. Bg5 f6 19. exf6 Bxf6 20. Ne5 Bxg5 21. hxg5 Nf5 22. Nxc6 bxc6 23. Rd1 Qxg5 24. Qa3 Qf6 25. Bc4 Kh7 26. Qc5 Nh6 27. f3 Nf5 28. Qe5 Qg5 29. Rd3 Qh4 30. Qe4 Qg5 31. Rb3 Rc7 32. f4 Qf6 33. Qe5 Qd8 34. Rd1 Re8 35. Rh3 Kh6 36. g4 Ng7 37. Bd3 Qe7 38. Qe4 Qf7 39. Qe5 Qe7 40. Rd2 Rd7 41. Rdh2 Nf5 42. g5+ Kh7 43. Rxh5+ gxh5 44. Rxh5+ Kg6 45. Rh6+ Kf7 46. g6+ Kg8 47. Qh8# 1-0

[Event "Urals-ch"]
[Site "Satka"]
[Date "2012.03.29"]
[Round "6"]
[White "Gerasev, German"]
[Black "Mikhailov, Vladimir1111"]
[Result "1/2-1/2"]
[WhiteElo "1825"]
[BlackElo "1972"]
[PlyCount "82"]
[EventDate "2012.03.24"]
[EventType "swiss"]
[EventRounds "9"]
[EventCountry "RUS"]
[SourceTitle "CBM 147 Extra"]
[Source "ChessBase"]
[SourceDate "2012.04.24"]
[SourceVersion "1"]
[SourceVersionDate "2012.04.24"]
[SourceQuality "1"]

1. e4 c5 2. Nf3 e6 3. d4 cxd4 4. Nxd4 Nc6 5. Nc3 d6 6. Be3 Nf6 7. Be2 Bd7 8. 0-0 a6 9. a4 Be7 10. Qd2 Qc7 11. f4 Na5 12. Rf3 Ng4 13. Nb3 Nxe3 14. Qxe3 Nxb3 15. cxb3 d5 16. Kh1 Bc5 17. Qd2 d4 18. Nd1 a5 19. Rc1 Rc8 20. Bc4 Qb6 21. Nf2 Bc6 22. Qe2 0-0 23. Rh3 h6 24. Ng4 Rfd8 25. Rd1 d3 26. Rhxd3 Rd4 27. Rxd4 Bxd4 28. h3 Rd8 29. Nh2 Bc5 30. Rxd8+ Qxd8 31. Nf3 Qd6 32. e5 Qd8 33. Kh2 Bxf3 34. Qxf3 Qd4 35. Kg3 Qxb2 36. Qe2 Qd4 37. Qf3 g5 38. Kg4 Be7 39. Bd3 gxf4 40. Qe4 Qxe4 41. Bxe4 b6 1/2-1/2